[Event "GER BFH-148 email"]
[Site "GER email"]
[Date "2008.10.17"]
[Round "?"]
[White "Guzy, Anton"]
[Black "Stangl, Josef"]
[Result "0-1"]
[WhiteElo "1677"]
[BlackElo "1640"]
[PlyCount "22"]
[EventDate "2008.??.??"]
[EventType "tourn (corr)"]
[EventRounds "6"]
[EventCountry "GER"]
[SourceTitle "Corr 2011"]
[Source "ChessBase"]
[SourceDate "2010.08.31"]
[SourceVersion "1"]
[SourceVersionDate "2010.08.31"]
[SourceQuality "1"]

1. e4 c5 2. Nf3 d6 3. d4 cxd4 4. Nxd4 Nf6 5. Nc3 g6 6. f4 Nc6 7. Bb5 Bd7 8. Bxc6 bxc6 9. e5 dxe5 10. fxe5 Ng4 11. Qxg4 Bxg4 0-1

[Event "GER BFH-147 email"]
[Site "GER email"]
[Date "2008.03.20"]
[Round "?"]
[White "Guzy, Anton"]
[Black "Krumm, Guenther"]
[Result "0-1"]
[WhiteElo "1677"]
[BlackElo "1990"]
[PlyCount "108"]
[EventDate "2008.??.??"]
[EventType "tourn (corr)"]
[EventRounds "6"]
[EventCountry "GER"]
[SourceTitle "Corr 2011"]
[Source "ChessBase"]
[SourceDate "2010.08.31"]
[SourceVersion "1"]
[SourceVersionDate "2010.08.31"]
[SourceQuality "1"]

1. e4 c5 2. Nf3 Nc6 3. d4 cxd4 4. Nxd4 Nf6 5. Nc3 e5 6. Nde2 Bc5 7. Ng3 d6 8. Be2 Be6 9. 0-0 Nd4 10. Bg5 Nxe2+ 11. Qxe2 h6 12. Bxf6 Qxf6 13. Nd5 Bxd5 14. exd5 Qd8 15. Qb5+ Qd7 16. Qxd7+ Kxd7 17. Rfe1 Rac8 18. Re2 g6 19. a4 f5 20. c3 h5 21. c4 h4 22. Nf1 g5 23. h3 g4 24. Kh1 a5 25. b3 Rcg8 26. Ne3 Rh5 27. Rf1 Rhg5 28. Rc1 Kc7 29. Rf1 gxh3 30. gxh3 Bxe3 31. fxe3 Kb6 32. Rb2 Rg3 33. Rxf5 Rxe3 34. Rf7 Rxh3+ 35. Rh2 Rgg3 36. Rd7 Rxb3 37. Rxd6+ Kc5 38. Rg6 Rxh2+ 39. Kxh2 Kxc4 40. d6 Rd3 41. Re6 Kb4 42. Rxe5 Kxa4 43. Re4+ Kb3 44. Re7 Rd2+ 45. Kg1 b5 46. d7 b4 47. Kf1 Ka3 48. Ke1 Rd6 49. Kf2 b3 50. Re3 Rxd7 51. Rh3 Ka2 52. Rxh4 b2 53. Ra4+ Kb3 54. Rxa5 b1Q 0-1